000 00956nam a22003017a 4500
001 BR0806171
003 BR-BrBNA
005 20230928102731.0
007 ta
008 230509b bl.||||| |||| 00| 0 por d
040 _aBR-BrBNA
_bpor
_cBiblioteca Nacional de Agricultura
041 _a(Por)
072 _aL70
_b5400
090 _ 5400 BR0806171
100 1 _aOliveira, E.C.S.
110 1 _aUniversidade Federal de Minas Gerais, Belo Horizonte (Brasil). Escola de Veterinária
_0Tese (Doutor em Ciência Animal)
245 1 _aEsterilização de cães com injeção intratesticular de solução à base de zinco
260 3 _aBelo Horizonte, MG (Brasil):
_c2006.
300 _a90 p.
500 _aSummaries (Eng, Por); Bibliography p. 63-67; 11 illus.; 19 tables
650 _aCÃO
650 _aTESTÍCULO
650 _aESTERILIZAÇÃO
650 _aINJEÇÃO
650 _aZINCO
909 _a202309
_bLucia
_c55
_dLucia Elande
942 _cBK
999 _c72256
_d72256